[Event "Stay Safe Play From Home 360"]
[Site "Emanuel Lasker Arena"]
[Date "2020.08.05"]
[Round "5"]
[White "Padmaesh M K"]
[Black "Klasman"]
[Result "1-0"]
[WhiteElo "1740"]
[BlackElo "1560"]
[Annotator "NA RC"]
[PlyCount "53"]
[EventDate "2020.08.05"]
[EventType "swiss (blitz)"]

1. d4 {[%emt 0:00:04]} f5 {[%emt 0:00:03]} 2. e4 {[%emt 0:00:02]} fxe4 {[%emt 0:00:03]} 3. Nc3 {[%emt 0:00:01]} Nf6 {[%emt 0:00:01]} 4. Bg5 {[%emt 0:00:02]} d5 {[%emt 0:00:02]} 5. Bxf6 {[%emt 0:00:01]} exf6 {[%emt 0:00:05]} 6. Qh5+ {[%emt 0:00:01]} g6 {[%emt 0:00:04]} 7. Qxd5 {[%emt 0:00:01]} Qxd5 {[%emt 0:00:16]} 8. Nxd5 {[%emt 0:00:00]} Bg7 {[%emt 0:00:22]} 9. Nxc7+ {[%emt 0:00:04]} Kd8 {[%emt 0:00:01]} 10. Nxa8 {[%emt 0:00:01]} Nc6 {[%emt 0:00:01]} 11. O-O-O {[%emt 0:00:03]} b6 {[%emt 0:00:03]} 12. Bb5 {[%emt 0:00:08]} Bb7 {[%emt 0:00:05]} 13. d5 {[%emt 0:00:02]} Ne5 {[%emt 0:00:17]} 14. Bc6 {[%emt 0:00:03]} Kc8 {[%emt 0:00:19]} 15. Nxb6+ {[%emt 0:00:24]} axb6 {[%emt 0:00:03]} 16. Bxb7+ {[%emt 0:00:03]} Kxb7 {[%emt 0:00:01]} 17. Nh3 {[%emt 0:00:01]} Rd8 {[%emt 0:00:25]} 18. b3 {[%emt 0:00:12]} h6 {[%emt 0:00:26]} 19. Rhe1 {[%emt 0:00:09]} f5 {[%emt 0:00:02]} 20. Nf4 {[%emt 0:00:02]} Rd7 {[%emt 0:00:29]} 21. Ne6 {[%emt 0:00:21]} Bf6 {[%emt 0:00:05]} 22. h3 {[%emt 0:00:22]} Be7 {[%emt 0:00:02]} 23. f3 {[%emt 0:00:08]} Ba3+ {[%emt 0:00:08]} 24. Kb1 {[%emt 0:00:02]} Bb4 {[%emt 0:00:20]} 25. Re2 {[%emt 0:00:09]} exf3 {[%emt 0:00:57]} 26. Rxe5 {[%emt 0:00:03]} f2 {[%emt 0:00:02]} 27. c4 {[%emt 0:00:17] Time Time Time Time Time (Lag: Av=0.58s, max=0.8s) (Lag: Av=0.58s, max=0.8s) (Lag: Av=0.58s, max=0.8s) (Lag: Av=0.58s, max=0.8s) (Lag: Av=0.58s, max=0.8s)} 1-0

[Event "Stay Safe Play From Home 360"]
[Site "Emanuel Lasker Arena"]
[Date "2020.08.05"]
[Round "6"]
[White "lazieri3"]
[Black "SelamiSahin"]
[Result "0-1"]
[WhiteElo "1995"]
[BlackElo "2110"]
[Annotator "TA"]
[PlyCount "54"]
[EventDate "2020.08.05"]
[EventType "swiss (blitz)"]

{[%evp 11,54,-15,-17,-21,-19,-25,-17,-81,-78,-69,-80,-67,-81,-84,-57,-56,-49,-108,-44,-100,-46,-46,-10,-54,29,-70,-70,-56,-70,-141,-134,-140,-133,-633,-631,-611,-610,-609,-604,-1099,-1095,-29988,-5237,-29990,-29991]} 1. e4 c6 2. Nc3 d5 3. exd5 cxd5 4. d4 Nc6 5. Nf3 Bg4 6. Be2 e6 7. h3 {B13: Caro-Kann: Exchange Variation and Panov-Botvinnik Attack.} Bh5 8. Ne5 Bxe2 {[#]} 9. Nxc6 $146 (9. Nxe2 $11 Nxe5 10. dxe5) ({Predecessor:} 9. Qxe2 Nxe5 10. dxe5 Qd7 11. O-O Bb4 12. Qb5 Bxc3 13. Qxd7+ Kxd7 14. bxc3 Rc8 15. Rb1 {0-1 (57) Cheboganov,M (1172)-Tokmantsev,I (1824) Minsk 2018}) 9... Bxd1 $17 10. Nxd8 Bxc2 11. Nxb7 Rb8 $1 {[%cal Rb8b7]} 12. Na5 Rb6 13. Kd2 Bg6 14. Nb3 ({Better is} 14. Ke2 $15) 14... Bb4 (14... Ne7 $17 15. Ke2 Nc6) 15. Ke3 (15. Ke2 $15) 15... Nf6 (15... Bd6 $17 16. f3 Ne7) 16. Bd2 $15 O-O 17. f3 (17. Na4 $5 {[%cal Ra4b6]} Bxd2+ 18. Nxd2 $15) 17... Nh5 ({Black should play} 17... Ne8 $15) 18. Ne2 ({White should try} 18. g4 $1 $11) 18... Bxd2+ 19. Kxd2 {[#]} a5 $1 $36 {[%mdl 2560] Black has good play.} 20. Nxa5 (20. g4 $15 Nf6 21. Ke3) 20... Rxb2+ $17 21. Ke3 Ra8 22. Nc6 $2 {[%mdl 8192] White does not recover from this.} (22. Nb3 $17) 22... Ra3+ $19 23. Kf2 {Now Ne7+ and White clings on.} Bd3 24. Rhe1 Nf4 {[%cal Rf4e2]} 25. Rac1 Nxe2 26. Rc5 Nxd4+ (26... Nf4+ $142 27. Kg1 Rxg2+ 28. Kh1 Raxa2 29. Ne7+ {[#]} Kf8 $1 {[%mdl 512]} 30. Ng6+ hxg6 31. Rc8+ Ke7 32. Rc7+ Kf6 33. Rxf7+ Kxf7 34. h4 Rh2+ {[%mdl 64] Double Attack} 35. Kg1 Nh3#) 27. Kg1 Raxa2 {Accuracy: White = 33%, Black = 56%.} 0-1

[Event "Stay Safe Play From Home 360"]
[Site "Emanuel Lasker Arena"]
[Date "2020.08.05"]
[Round "6"]
[White "Chesstiger9"]
[Black "Padmaesh M K"]
[Result "0-1"]
[WhiteElo "1977"]
[BlackElo "1749"]
[Annotator "TA"]
[PlyCount "90"]
[EventDate "2020.08.05"]
[EventType "swiss (blitz)"]

{[%evp 21,89,-35,-35,-35,-42,-45,-43,-45,0,-22,-18,-21,0,-32,-13,-57,-88,-75,-56,-98,-90,-91,-75,-144,-141,-107,-109,-117,-107,-107,-96,-232,-233,-220,-237,-331,-320,-324,-305,-321,-293,-337,-333,-335,-331,-460,-435,-515,-486,-477,-466,-598,-569,-678,-683,-679,-681,-679,-650,-993,-974,-1591,-1564,-29993,-29994,-29994,-29991,-29995,-29996,-29999]} 1. d4 Nf6 2. Nf3 d5 3. e3 e6 4. Bd3 c5 5. c3 Nc6 6. Nbd2 Be7 7. O-O O-O 8. Qe2 b6 9. dxc5 bxc5 10. e4 Qc7 11. Re1 Bb7 12. e5 {D05: Colle System with ...e6.} Nd7 13. Nf1 a5 14. Ng3 {[#] Black is slightly better.} Rfd8 $146 ({Predecessor:} 14... Rfc8 15. h4 a4 16. Bg5 Bxg5 17. hxg5 c4 18. Bc2 a3 19. Rab1 axb2 20. Rxb2 Ra3 21. Bxh7+ Kxh7 {½-½ (60) Oleak,W (1846)-Gromotka,H (2075) GER email 2014}) 15. Bg5 {[#] And now Bxe7 would win.} Bxg5 16. Nxg5 h6 17. Nf3 (17. Bh7+ {is more complex.} Kf8 18. Nxf7 Kxf7 19. Qh5+ Kf8 20. f4) 17... Qb6 18. Rad1 Ba6 19. Bxa6 Qxa6 20. Qd2 Rab8 21. b3 a4 22. Rb1 (22. Nh5 $142) 22... axb3 23. axb3 Qa5 24. h3 Rb5 25. Nh5 Rb7 26. Qf4 {This costs White the game.} (26. Qe3 $17) 26... Qxc3 $19 27. Qg4 {[%csl Gh5][%cal Rg4g7]} g6 28. Rbc1 Qxb3 29. Nf6+ Nxf6 30. exf6 Qb4 31. Qg3 c4 32. Qh4 Qf8 33. g4 Rdb8 34. g5 h5 35. Qf4 Rb5 36. Ra1 Qc5 37. Nh4 d4 38. Nf3 c3 39. Qe4 Qd5 40. Qd3 Nb4 41. Qxd4 Qxf3 42. Ra7 Rxg5+ {Black mates.} 43. Kf1 Qxh3+ 44. Ke2 {[#]} Re5+ $1 {[%mdl 64] Deflection} 45. Qxe5 Qd3# {Accuracy: White = 38%, Black = 96%.} 0-1

[Event "Stay Safe Play From Home 360"]
[Site "Emanuel Lasker Arena"]
[Date "2020.08.05"]
[Round "6"]
[White "Batabat1955"]
[Black "Joroger"]
[Result "0-1"]
[WhiteElo "1933"]
[BlackElo "1870"]
[Annotator "NA RC"]
[PlyCount "94"]
[EventDate "2020.08.05"]
[EventType "swiss (blitz)"]

1. e4 {[%emt 0:00:04]} c5 {[%emt 0:00:02]} 2. f4 {[%emt 0:00:02]} g6 {[%emt 0:00:02]} 3. Nf3 {[%emt 0:00:01]} Bg7 {[%emt 0:00:01]} 4. c3 {[%emt 0:00:01]} e6 {[%emt 0:00:05]} 5. d4 {[%emt 0:00:01]} cxd4 {[%emt 0:00:01]} 6. cxd4 {[%emt 0:00:01]} d6 {[%emt 0:00:00]} 7. Nc3 {[%emt 0:00:01]} Ne7 {[%emt 0:00:01]} 8. Be3 {[%emt 0:00:01]} O-O {[%emt 0:00:00]} 9. Be2 {[%emt 0:00:03]} Nbc6 {[%emt 0:00:01]} 10. O-O {[%emt 0:00:01]} a6 {[%emt 0:00:01]} 11. Qd2 {[%emt 0:00:01]} b5 {[%emt 0:00:01]} 12. Rac1 {[%emt 0:00:02]} Bb7 {[%emt 0:00:01]} 13. h4 {[%emt 0:00:05]} Na5 {[%emt 0:00:06]} 14. h5 {[%emt 0:00:30]} b4 {[%emt 0:00:02]} 15. hxg6 {[%emt 0:00:05]} fxg6 {[%emt 0:00:10]} 16. Na4 {[%emt 0:00:09]} Bxe4 {[%emt 0:00:04]} 17. Qxb4 {[%emt 0:00:03]} Nd5 {[%emt 0:00:08]} 18. Qd2 {[%emt 0:00:06]} Nxe3 {[%emt 0:00:05]} 19. Qxe3 {[%emt 0:00:00]} Bd5 {[%emt 0:00:02]} 20. b3 {[%emt 0:00:13]} Qf6 {[%emt 0:00:26]} 21. Nb6 {[%emt 0:00:11]} Bxf3 {[%emt 0:00:02]} 22. Bxf3 {[%emt 0:00:06]} Rad8 {[%emt 0:00:01]} 23. Rcd1 {[%emt 0:00:34]} Qxf4 {[%emt 0:00:11]} 24. Qxe6+ {[%emt 0:00:11]} Kh8 {[%emt 0:00:01]} 25. Nd5 {[%emt 0:00:10]} Bxd4+ {[%emt 0:00:12]} 26. Kh1 {[%emt 0:00:18]} Qh4+ {[%emt 0:00:43]} 27. Qh3 {[%emt 0:00:03]} Qxh3+ {[%emt 0:00:05]} 28. gxh3 {[%emt 0:00:00]} Be5 {[%emt 0:00:02]} 29. Nc7 {[%emt 0:00:07]} Rf7 {[%emt 0:00:13]} 30. Nxa6 {[%emt 0:00:03]} Rdf8 {[%emt 0:00:04]} 31. Bg2 {[%emt 0:00:06]} Rxf1+ {[%emt 0:00:05]} 32. Bxf1 {[%emt 0:00:01]} Nc6 {[%emt 0:00:03]} 33. Nc7 {[%emt 0:00:09]} Rf2 {[%emt 0:00:08]} 34. Nb5 {[%emt 0:00:30]} Rxa2 {[%emt 0:00:13]} 35. Nxd6 {[%emt 0:00:02]} Kg7 {[%emt 0:00:07]} 36. Bg2 {[%emt 0:00:24]} Nd4 {[%emt 0:00:13]} 37. Nc4 {[%emt 0:00:04]} Bf6 {[%emt 0:00:01]} 38. Rb1 {[%emt 0:00:12]} Nf5 {[%emt 0:00:05]} 39. Rd1 {[%emt 0:00:12]} Ng3+ {[%emt 0:00:11]} 40. Kg1 {[%emt 0:00:01]} Ne2+ {[%emt 0:00:03]} 41. Kf1 {[%emt 0:00:01]} Nf4 {[%emt 0:00:02]} 42. Ne3 {[%emt 0:00:04]} Re2 {[%emt 0:00:09]} 43. Rd7+ {[%emt 0:00:01]} Kh6 {[%emt 0:00:01]} 44. Ng4+ {[%emt 0:00:01]} Kg5 {[%emt 0:00:01]} 45. Nxf6 {[%emt 0:00:01]} Kxf6 {[%emt 0:00:00]} 46. Bf3 {[%emt 0:00:01]} Rb2 {[%emt 0:00:02]} 47. Rd6+ {[%emt 0:00:01]} Kf5 {[%emt 0:00:02] Time Time Time Time Time (Lag: Av=0.39s, max=0.5s) (Lag: Av=0.39s, max=0.5s) (Lag: Av=0.39s, max=0.5s) (Lag: Av=0.39s, max=0.5s) (Lag: Av=0.39s, max=0.5s)} 0-1

[Event "Stay Safe Play From Home 360"]
[Site "Emanuel Lasker Arena"]
[Date "2020.08.05"]
[Round "6"]
[White "Buzaglo"]
[Black "Klasman"]
[Result "1-0"]
[WhiteElo "1712"]
[BlackElo "1551"]
[Annotator "NA RC"]
[PlyCount "47"]
[EventDate "2020.08.05"]
[EventType "swiss (blitz)"]

1. d4 {[%emt 0:00:02]} f5 {[%emt 0:00:02]} 2. Nf3 {[%emt 0:00:01]} Nf6 {[%emt 0:00:01]} 3. g3 {[%emt 0:00:01]} e6 {[%emt 0:00:01]} 4. Bg2 {[%emt 0:00:00]} d5 {[%emt 0:00:01]} 5. O-O {[%emt 0:00:01]} c5 {[%emt 0:00:01]} 6. c3 {[%emt 0:00:02]} Nc6 {[%emt 0:00:01]} 7. Bf4 {[%emt 0:00:03]} Qb6 {[%emt 0:00:04]} 8. dxc5 {[%emt 0:00:02]} Bxc5 {[%emt 0:00:02]} 9. Ne5 {[%emt 0:00:02]} Qxb2 {[%emt 0:00:05]} 10. Nd2 {[%emt 0:00:04]} O-O {[%emt 0:00:33]} 11. Nb3 {[%emt 0:00:08]} Be7 {[%emt 0:00:54]} 12. a4 {[%emt 0:00:28]} Qxc3 {[%emt 0:00:30]} 13. Rc1 {[%emt 0:00:05]} Qb4 {[%emt 0:00:10]} 14. Nxc6 {[%emt 0:00:06]} bxc6 {[%emt 0:00:03]} 15. Rxc6 {[%emt 0:00:04]} Qxa4 {[%emt 0:00:06]} 16. Rc7 {[%emt 0:00:10]} Bd8 {[%emt 0:00:21]} 17. Rc1 {[%emt 0:00:31]} Ba6 {[%emt 0:00:07]} 18. Ra1 {[%emt 0:00:29]} Qb5 {[%emt 0:00:06]} 19. Nd4 {[%emt 0:00:05]} Qc4 {[%emt 0:00:23]} 20. Nxe6 {[%emt 0:00:10]} Re8 {[%emt 0:00:21]} 21. Nd4 {[%emt 0:00:54]} Bb6 {[%emt 0:00:18]} 22. Be3 {[%emt 0:00:17]} Ne4 {[%emt 0:00:19]} 23. Nxf5 {[%emt 0:00:07]} Qxe2 {[%emt 0:00:19]} 24. Re1 {[%emt 0:00:15] Time Time Time Time Time (Lag: Av=0.70s, max=1.6s) (Lag: Av=0.70s, max=1.6s) (Lag: Av=0.70s, max=1.6s) (Lag: Av=0.70s, max=1.6s) (Lag: Av=0.70s, max=1.6s)} 1-0

[Event "Stay Safe Play From Home 360"]
[Site "Emanuel Lasker Arena"]
[Date "2020.08.05"]
[Round "6"]
[White "Erdema"]
[Black "Dukic"]
[Result "0-1"]
[WhiteElo "1637"]
[BlackElo "1889"]
[Annotator "NA RC"]
[PlyCount "56"]
[EventDate "2020.08.05"]
[EventType "swiss (blitz)"]

1. e4 {[%emt 0:00:03]} c6 {[%emt 0:00:00]} 2. d4 {[%emt 0:00:02]} d6 {[%emt 0:00:00]} 3. h3 {[%emt 0:00:02]} Nd7 {[%emt 0:00:01]} 4. Nf3 {[%emt 0:00:02]} e5 {[%emt 0:00:00]} 5. dxe5 {[%emt 0:00:02]} dxe5 {[%emt 0:00:02]} 6. Bc4 {[%emt 0:00:02]} Be7 {[%emt 0:00:02]} 7. O-O {[%emt 0:00:07]} Ngf6 {[%emt 0:00:01]} 8. Nc3 {[%emt 0:00:03]} b5 {[%emt 0:00:02]} 9. Bb3 {[%emt 0:00:06]} O-O {[%emt 0:00:02]} 10. a3 {[%emt 0:00:02]} a5 {[%emt 0:00:01]} 11. Re1 {[%emt 0:00:08]} Qc7 {[%emt 0:00:02]} 12. Qe2 {[%emt 0:00:04]} Ba6 {[%emt 0:00:02]} 13. Qd1 {[%emt 0:00:33]} Rad8 {[%emt 0:00:11]} 14. Bg5 {[%emt 0:00:03]} Nc5 {[%emt 0:00:03]} 15. Qc1 {[%emt 0:00:10]} b4 {[%emt 0:00:21]} 16. axb4 {[%emt 0:00:02]} axb4 {[%emt 0:00:03]} 17. Na4 {[%emt 0:00:07]} Ncxe4 {[%emt 0:00:10]} 18. Be3 {[%emt 0:00:16]} c5 {[%emt 0:00:06]} 19. Nxc5 {[%emt 0:00:10]} Nxc5 {[%emt 0:00:36]} 20. Bxc5 {[%emt 0:00:03]} Bxc5 {[%emt 0:00:05]} 21. Rxa6 {[%emt 0:00:03]} e4 {[%emt 0:00:06]} 22. Ng5 {[%emt 0:00:08]} Qe5 {[%emt 0:00:09]} 23. Re2 {[%emt 0:00:33]} e3 {[%emt 0:00:03]} 24. f3 {[%emt 0:00:12]} Qxg5 {[%emt 0:00:02]} 25. Ra5 {[%emt 0:00:09]} Nh5 {[%emt 0:00:07]} 26. Re1 {[%emt 0:00:22]} Nf4 {[%emt 0:00:02]} 27. g4 {[%emt 0:00:13]} Qh4 {[%emt 0:00:16]} 28. Bxf7+ {[%emt 0:00:26]} Rxf7 {[%emt 0:00:05] Erdema terk eder Erdema terk eder Erdema terk eder Erdema terk eder Erdema terk eder (Lag: Av=0.59s, max=0.8s) (Lag: Av=0.59s, max=0.8s) (Lag: Av=0.59s, max=0.8s) (Lag: Av=0.59s, max=0.8s) (Lag: Av=0.59s, max=0.8s)} 0-1

[Event "Stay Safe Play From Home 360"]
[Site "Emanuel Lasker Arena"]
[Date "2020.08.05"]
[Round "7"]
[White "lazieri3"]
[Black "Chesstiger9"]
[Result "0-1"]
[WhiteElo "1983"]
[BlackElo "1950"]
[Annotator "TA"]
[PlyCount "31"]
[EventDate "2020.08.05"]
[EventType "swiss (blitz)"]

{[%evp 4,4,47]} 1. e4 g6 2. d4 Bg7 {Not much happened in this game.} {Predecessor:} 3. Nf3 d6 4. Be3 Nf6 5. Nc3 c6 6. Qd2 {B08: Pirc Defence: Classical System.} b5 7. Bd3 Nbd7 8. e5 Ng4 9. exd6 exd6 10. Bg5 Ngf6 11. Qe2+ Kf8 12. O-O h6 13. Bf4 Nb6 14. a4 b4 15. Ne4 Nxe4 16. Bxe4 {½-½ (42) Giri,A (2764)-Svidler,P (2723) chess24.com INT 2020} 0-1

[Event "Stay Safe Play From Home 360"]
[Site "Emanuel Lasker Arena"]
[Date "2020.08.05"]
[Round "7"]
[White "Dukic"]
[Black "Padmaesh M K"]
[Result "0-1"]
[WhiteElo "1895"]
[BlackElo "1776"]
[Annotator "NA RC"]
[PlyCount "60"]
[EventDate "2020.08.05"]
[EventType "swiss (blitz)"]

1. c4 {[%emt 0:00:05]} e5 {[%emt 0:00:12]} 2. Nc3 {[%emt 0:00:01]} c5 {[%emt 0:00:06]} 3. Nf3 {[%emt 0:00:01]} d6 {[%emt 0:00:04]} 4. e3 {[%emt 0:00:01]} f5 {[%emt 0:00:08]} 5. d4 {[%emt 0:00:02]} e4 {[%emt 0:00:04]} 6. Ng1 {[%emt 0:00:02]} Nc6 {[%emt 0:00:04]} 7. Nge2 {[%emt 0:00:10]} Be7 {[%emt 0:00:07]} 8. Nf4 {[%emt 0:00:03]} Nf6 {[%emt 0:00:04]} 9. dxc5 {[%emt 0:00:31]} dxc5 {[%emt 0:00:09]} 10. Bd2 {[%emt 0:00:51]} O-O {[%emt 0:00:07]} 11. Be2 {[%emt 0:00:02]} Bd7 {[%emt 0:00:07]} 12. O-O {[%emt 0:00:02]} Bd6 {[%emt 0:00:05]} 13. Nfd5 {[%emt 0:00:09]} Be6 {[%emt 0:00:05]} 14. Qb3 {[%emt 0:00:15]} Rb8 {[%emt 0:00:05]} 15. Rad1 {[%emt 0:00:03]} Bxd5 {[%emt 0:00:08]} 16. Nxd5 {[%emt 0:00:09]} Nxd5 {[%emt 0:00:05]} 17. cxd5 {[%emt 0:00:02]} Ne5 {[%emt 0:00:03]} 18. Bc3 {[%emt 0:00:02]} Ng4 {[%emt 0:00:15]} 19. Bxg4 {[%emt 0:00:15]} fxg4 {[%emt 0:00:07]} 20. g3 {[%emt 0:00:04]} h5 {[%emt 0:00:09]} 21. Qc4 {[%emt 0:00:10]} h4 {[%emt 0:00:13]} 22. Qxe4 {[%emt 0:00:03]} Qd7 {[%emt 0:00:05]} 23. Qe6+ {[%emt 0:00:16]} Rf7 {[%emt 0:00:06]} 24. Rd2 {[%emt 0:00:10]} Re8 {[%emt 0:00:06]} 25. Qg6 {[%emt 0:00:11]} h3 {[%emt 0:00:07]} 26. e4 {[%emt 0:00:19]} Be5 {[%emt 0:00:06]} 27. Re1 {[%emt 0:00:14]} Bxc3 {[%emt 0:00:09]} 28. bxc3 {[%emt 0:00:02]} Re5 {[%emt 0:00:05]} 29. c4 {[%emt 0:00:42]} Rf6 {[%emt 0:00:06]} 30. Qxf6 {[%emt 0:00:03]} gxf6 {[%emt 0:00:00] Zeit Zeit Zeit Zeit Zeit (Lag: Av=0.39s, max=0.5s) (Lag: Av=0.39s, max=0.5s) (Lag: Av=0.39s, max=0.5s) (Lag: Av=0.39s, max=0.5s) (Lag: Av=0.39s, max=0.5s)} 0-1

[Event "Stay Safe Play From Home 360"]
[Site "Emanuel Lasker Arena"]
[Date "2020.08.05"]
[Round "7"]
[White "Joroger"]
[Black "SelamiSahin"]
[Result "0-1"]
[WhiteElo "1890"]
[BlackElo "2121"]
[Annotator "TA"]
[PlyCount "82"]
[EventDate "2020.08.05"]
[EventType "swiss (blitz)"]

{[%evp 24,82,68,40,64,13,13,0,38,33,41,35,21,17,29,-30,-31,-26,-30,-34,-31,-25,-34,-36,-32,-30,-14,-9,0,-6,0,-8,-11,-7,0,0,0,0,0,-5,0,-6,-6,-6,-6,-8,0,-8,-8,-8,-8,-8,-8,-8,0,-29971,-29968,-29973,-29976,-29975,-29976]} 1. d4 Nf6 2. c4 g6 3. Nc3 c5 4. d5 d6 5. Nf3 b5 6. cxb5 a6 7. bxa6 Bxa6 8. g3 Bg7 9. Bg2 Nbd7 10. Rb1 Nb6 11. b3 O-O 12. O-O Bb7 13. Nh4 Qd7 {was the old line (13...Nfd7). A58: Benko/Volga Gambit: Lines with 5 bxa6.} 14. h3 {[#]} (14. Bb2 $14) 14... Ne8 $146 ({Predecessor:} 14... Rfc8 15. Bb2 Ne8 16. Qd2 c4 17. Rfc1 cxb3 18. axb3 Nc7 19. e4 Na6 20. Qe3 Nc5 21. Ne2 Bxb2 22. Rxb2 {1-0 (44) Guidarelli,L (2422)-Stanojoski,Z (2506) Obrenovac 2004}) 15. Bb2 Nc7 {The position is equal.} (15... g5 $5 {[%cal Rg5h4]} 16. Nf3 Bxc3 17. Bxc3 Nxd5 $11) 16. e4 Bxc3 17. Bxc3 {Qd2 is the strong threat.} Rxa2 18. Ra1 Nb5 19. Qd3 (19. Bd4 $142) 19... Nxc3 20. Qxc3 Rfa8 21. Rxa2 Rxa2 22. Ra1 Rxa1+ 23. Qxa1 Qb5 24. Qc3 Ba6 (24... Qe2 {seems wilder.} 25. Qa1 Qa6 26. Qd1 Qa5 27. Bf1 Nd7) 25. Nf3 f6 26. Nd2 Qd3 27. Qxd3 (27. Qa5 {keeps more tension.} Qb5 28. Qa2 Bc8 29. Qa7 Kf8 30. Qb8) 27... Bxd3 28. Bf1 Bxf1 29. Kxf1 {[%mdl 4096] Endgame KN-KN} f5 30. f3 Kf7 31. Ke2 e6 32. dxe6+ Kxe6 33. Kd3 h6 34. Kc3 Ke5 35. b4 cxb4+ 36. Kxb4 Kd4 {Strongly threatening ...Kd3.} 37. exf5 gxf5 {White should prevent ...Ke3.} 38. g4 Ke3 39. Nc4+ $2 {[%mdl 8192]} (39. Kb5 $11 fxg4 40. fxg4) 39... Nxc4 {Black mates.} 40. Kxc4 {[#]} fxg4 $1 41. fxg4 Kf4 {Accuracy: White = 84%, Black = 96%.} 0-1

[Event "Stay Safe Play From Home 360"]
[Site "Emanuel Lasker Arena"]
[Date "2020.08.05"]
[Round "7"]
[White "Erdema"]
[Black "Buzaglo"]
[Result "1-0"]
[WhiteElo "1631"]
[BlackElo "1722"]
[Annotator "NA RC"]
[PlyCount "95"]
[EventDate "2020.08.05"]
[EventType "swiss (blitz)"]

1. e4 {[%emt 0:00:02]} e5 {[%emt 0:00:02]} 2. Nf3 {[%emt 0:00:01]} d6 {[%emt 0:00:00]} 3. h3 {[%emt 0:00:02]} Nc6 {[%emt 0:00:01]} 4. Bc4 {[%emt 0:00:04]} Be6 {[%emt 0:00:01]} 5. Bxe6 {[%emt 0:00:03]} fxe6 {[%emt 0:00:00]} 6. d4 {[%emt 0:00:01]} exd4 {[%emt 0:00:01]} 7. Nxd4 {[%emt 0:00:01]} Nxd4 {[%emt 0:00:00]} 8. Qxd4 {[%emt 0:00:02]} e5 {[%emt 0:00:02]} 9. Qd5 {[%emt 0:00:03]} Nf6 {[%emt 0:00:02]} 10. Qxb7 {[%emt 0:00:03]} Ke7 {[%emt 0:00:04]} 11. Nc3 {[%emt 0:00:03]} Kf7 {[%emt 0:00:02]} 12. Qb3+ {[%emt 0:00:05]} Ke8 {[%emt 0:00:04]} 13. O-O {[%emt 0:00:05]} Be7 {[%emt 0:00:01]} 14. Bg5 {[%emt 0:00:03]} Rb8 {[%emt 0:00:02]} 15. Qa4+ {[%emt 0:00:05]} Kf8 {[%emt 0:00:03]} 16. Bxf6 {[%emt 0:00:03]} gxf6 {[%emt 0:00:04]} 17. b3 {[%emt 0:00:02]} Rg8 {[%emt 0:00:08]} 18. Nd5 {[%emt 0:00:04]} Kf7 {[%emt 0:00:06]} 19. Qxa7 {[%emt 0:00:03]} Qd7 {[%emt 0:00:10]} 20. Qxc7 {[%emt 0:00:08]} Qxc7 {[%emt 0:00:14]} 21. Nxc7 {[%emt 0:00:02]} Rbc8 {[%emt 0:00:01]} 22. Nd5 {[%emt 0:00:04]} Rxc2 {[%emt 0:00:01]} 23. a4 {[%emt 0:00:10]} Rb8 {[%emt 0:00:03]} 24. Rfb1 {[%emt 0:00:03]} Re2 {[%emt 0:00:02]} 25. f3 {[%emt 0:00:02]} Rd2 {[%emt 0:00:03]} 26. a5 {[%emt 0:00:04]} f5 {[%emt 0:00:02]} 27. a6 {[%emt 0:00:04]} fxe4 {[%emt 0:00:05]} 28. fxe4 {[%emt 0:00:02]} Bd8 {[%emt 0:00:06]} 29. b4 {[%emt 0:00:04]} Rd4 {[%emt 0:00:02]} 30. b5 {[%emt 0:00:02]} Rxe4 {[%emt 0:00:01]} 31. b6 {[%emt 0:00:02]} Bxb6+ {[%emt 0:00:01]} 32. Nxb6 {[%emt 0:00:04]} Ke6 {[%emt 0:00:04]} 33. a7 {[%emt 0:00:02]} Rg8 {[%emt 0:00:08]} 34. a8=Q {[%emt 0:00:03]} Rxa8 {[%emt 0:00:00]} 35. Nxa8 {[%emt 0:00:02]} h5 {[%emt 0:00:02]} 36. Nc7+ {[%emt 0:00:02]} Kf5 {[%emt 0:00:01]} 37. Rf1+ {[%emt 0:00:03]} Kg5 {[%emt 0:00:01]} 38. Rad1 {[%emt 0:00:02]} h4 {[%emt 0:00:04]} 39. Rxd6 {[%emt 0:00:04]} Re2 {[%emt 0:00:01]} 40. Ne6+ {[%emt 0:00:02]} Kh5 {[%emt 0:00:02]} 41. Rd5 {[%emt 0:00:03]} Kg6 {[%emt 0:00:04]} 42. Nf8+ {[%emt 0:00:08]} Kg7 {[%emt 0:00:02]} 43. Nd7 {[%emt 0:00:03]} e4 {[%emt 0:00:01]} 44. Rg5+ {[%emt 0:00:02]} Kh6 {[%emt 0:00:01]} 45. Rg4 {[%emt 0:00:03]} Kh5 {[%emt 0:00:04]} 46. Rf8 {[%emt 0:00:03]} Re1+ {[%emt 0:00:07]} 47. Kh2 {[%emt 0:00:03]} Rh1+ {[%emt 0:00:03]} 48. Kxh1 {[%emt 0:00:02] Buzaglo resigns Buzaglo resigns Buzaglo resigns Buzaglo resigns Buzaglo resigns (Lag: Av=0.68s, max=1.1s) (Lag: Av=0.68s, max=1.1s) (Lag: Av=0.68s, max=1.1s) (Lag: Av=0.68s, max=1.1s) (Lag: Av=0.68s, max=1.1s)} 1-0

[Event "Stay Safe Play From Home 360"]
[Site "Emanuel Lasker Arena"]
[Date "2020.08.05"]
[Round "7"]
[White "Klasman"]
[Black "Teoisac804"]
[Result "0-1"]
[WhiteElo "1541"]
[BlackElo "1747"]
[Annotator "NA RC"]
[PlyCount "54"]
[EventDate "2020.08.05"]
[EventType "swiss (blitz)"]

1. f4 {[%emt 0:01:09]} d5 {[%emt 0:00:06]} 2. Nf3 {[%emt 0:00:02]} c5 {[%emt 0:00:01]} 3. e3 {[%emt 0:00:07]} a6 {[%emt 0:00:03]} 4. c4 {[%emt 0:00:01]} Nf6 {[%emt 0:00:07]} 5. cxd5 {[%emt 0:00:03]} Nxd5 {[%emt 0:00:02]} 6. Nc3 {[%emt 0:00:01]} e6 {[%emt 0:00:12]} 7. Be2 {[%emt 0:00:08]} Be7 {[%emt 0:00:03]} 8. O-O {[%emt 0:00:02]} O-O {[%emt 0:00:02]} 9. b3 {[%emt 0:00:01]} Bf6 {[%emt 0:00:10]} 10. Bb2 {[%emt 0:00:01]} Nc6 {[%emt 0:00:06]} 11. g4 {[%emt 0:00:03]} Qb6 {[%emt 0:00:16]} 12. g5 {[%emt 0:00:05]} Bxc3 {[%emt 0:00:02]} 13. Bxc3 {[%emt 0:00:09]} Nxc3 {[%emt 0:00:16]} 14. dxc3 {[%emt 0:00:04]} Qc7 {[%emt 0:00:10]} 15. Qc2 {[%emt 0:00:03]} b5 {[%emt 0:00:02]} 16. Bd3 {[%emt 0:00:08]} g6 {[%emt 0:00:02]} 17. h4 {[%emt 0:00:14]} e5 {[%emt 0:00:08]} 18. h5 {[%emt 0:00:14]} Bg4 {[%emt 0:00:11]} 19. hxg6 {[%emt 0:00:04]} hxg6 {[%emt 0:00:05]} 20. Bxg6 {[%emt 0:00:03]} exf4 {[%emt 0:00:19]} 21. Bh7+ {[%emt 0:00:07]} Kg7 {[%emt 0:00:08]} 22. Nh4 {[%emt 0:00:51]} Qe5 {[%emt 0:00:23]} 23. exf4 {[%emt 0:00:41]} Qe3+ {[%emt 0:00:02]} 24. Rf2 {[%emt 0:00:26]} Qg3+ {[%emt 0:00:08]} 25. Ng2 {[%emt 0:00:09]} Rh8 {[%emt 0:00:14]} 26. g6 {[%emt 0:00:01]} Rad8 {[%emt 0:00:11]} 27. Qe4 {[%emt 0:00:02] . . . . .} Rxh7 {[%emt 0:00:17] Time Time Time Time Time (Lag: Av=0.30s, max=0.4s) (Lag: Av=0.30s, max=0.4s) (Lag: Av=0.30s, max=0.4s) (Lag: Av=0.30s, max=0.4s) (Lag: Av=0.30s, max=0.4s)} 0-1